| 000 | 00842cam a22002651 4500 | ||
|---|---|---|---|
| 001 | 31554 | ||
| 003 | BD-RjUL | ||
| 005 | 20211209051722.0 | ||
| 008 | 140420s1963 cau b 000 0 eng | ||
| 035 | _a(BD-RjUL)31642 | ||
| 035 | _a(OCoLC)280889 | ||
| 040 |
_aDLC _cODaWU _dOCoLC _dDLC _dBD-RjUL _beng |
||
| 041 | _aeng | ||
| 082 | 0 | 0 |
_a818.3 _bFRW 1963 |
| 100 | 1 |
_aFranklin, H. Bruce _q(Howard Bruce), _d1934- _996037 |
|
| 245 | 1 | 4 |
_aThe wake of the gods : _bMelville's mythology / _cH Bruce Franklin. |
| 260 |
_aStanford, Calif. : _bStanford University Press, _c1963. |
||
| 300 |
_axii, 236 p. ; _c23 cm. |
||
| 504 | _aIncludes bibliography. | ||
| 600 | 1 | 0 |
_aMelville, Herman, _d1819-1891 _xKnowledge _xMythology. _996040 |
| 650 | 0 |
_aMythology in literature. _996039 |
|
| 942 |
_2ddc _cBK |
||
| 999 |
_c31554 _d31554 |
||